Southville International School and Colleges
Your cart is empty.
  • Cart
  • Lists
    Public lists Eva Luna New books Lux_list list_1
    Your lists Log in to create your own lists
  • Log in to your account
  • Your cookies
  • Search history
Southville International School and Colleges
  • Advanced search
  • Recent comments
  • Most popular
  • Libraries

Log in to your account

Log in with GOOGLE


If you do not have an external account, but do have a local account, you can still log in:

  1. Home
  2. MARC view: Chemistry made simple
Normal view MARC view ISBD view

Chemistry made simple (Record no. 2132)

[ view plain ]
MARC details
000 -LEADER
fixed length control field 01514pam a2200385 a 4500
001 - CONTROL NUMBER
control field 13542407
003 - CONTROL NUMBER IDENTIFIER
control field OSt
005 - DATE AND TIME OF LATEST TRANSACTION
control field 20140310181724.0
008 - FIXED-LENGTH DATA ELEMENTS--GENERAL INFORMATION
fixed length control field 040330s2004 nyua 001 0 eng
010 ## - LIBRARY OF CONGRESS CONTROL NUMBER
LC control number 2004045856
020 ## - INTERNATIONAL STANDARD BOOK NUMBER
International Standard Book Number 0767917022 (pbk.)
035 ## - SYSTEM CONTROL NUMBER
System control number (OCoLC)ocm54865503
040 ## - CATALOGING SOURCE
Original cataloging agency DLC
Transcribing agency DLC
Modifying agency YDX
-- DLC
050 00 - LIBRARY OF CONGRESS CALL NUMBER
Classification number QD 37
Item number .M821 2004
082 00 - DEWEY DECIMAL CLASSIFICATION NUMBER
Classification number IB 540
Item number C42 2004
245 00 - TITLE STATEMENT
Title Chemistry made simple
Statement of responsibility, etc Revised by John T. Moore, Ed. D.
260 ## - PUBLICATION, DISTRIBUTION, ETC. (IMPRINT)
Place of publication, distribution, etc New York :
Name of publisher, distributor, etc Broadway Books,
Date of publication, distribution, etc c2004.
300 ## - PHYSICAL DESCRIPTION
Extent xii, 288 p. :
Other physical details ill. ;
Dimensions 26 cm.
490 1# - SERIES STATEMENT
Series statement Made simple
500 ## - GENERAL NOTE
General note Rev. ed. of: Chemistry made simple / by Fred C. Hess. Rev. ed. / rev. by Arthur L. Thomas. c1984.
500 ## - GENERAL NOTE
General note Includes index.
521 ## - TARGET AUDIENCE NOTE
Target audience note
541 ## - IMMEDIATE SOURCE OF ACQUISITION NOTE
-- 1
562 ## - COPY AND VERSION IDENTIFICATION NOTE
Number of copies 1
650 #0 - SUBJECT ADDED ENTRY--TOPICAL TERM
Topical term or geographic name as entry element Chemistry
Form subdivision Popular works.
700 1# - ADDED ENTRY--PERSONAL NAME
Personal name Moore, John T.,
Dates associated with a name 1947-
700 1# - ADDED ENTRY--PERSONAL NAME
Personal name Hess, Fred C.
Title of a work Chemistry made simple.
830 #0 - SERIES ADDED ENTRY--UNIFORM TITLE
Uniform title Made simple (Broadway Books)
856 42 - ELECTRONIC LOCATION AND ACCESS
Materials specified Contributor biographical information
Uniform Resource Identifier <a href="http://www.loc.gov/catdir/bios/random051/2004045856.html">http://www.loc.gov/catdir/bios/random051/2004045856.html</a>
856 42 - ELECTRONIC LOCATION AND ACCESS
Materials specified Publisher description
Uniform Resource Identifier <a href="http://www.loc.gov/catdir/description/random051/2004045856.html">http://www.loc.gov/catdir/description/random051/2004045856.html</a>
906 ## - LOCAL DATA ELEMENT F, LDF (RLIN)
a 7
b cbc
c orignew
d 1
e ocip
f 20
g y-gencatlg
942 ## - ADDED ENTRY ELEMENTS (KOHA)
Source of classification or shelving scheme Library of Congress Classification
Koha item type
Call number prefix
Holdings
Withdrawn status Lost status Source of classification or shelving scheme Damaged status Home library Current library Shelving location Date acquired Total Checkouts Total Renewals Full call number Barcode Date last seen Date checked out Copy number Price effective from Koha item type
    Library of Congress Classification   Luxembourg Library Luxembourg Library International Baccalaureate Section 03/07/2013 2 4 QD 37 .M821 2004 15834 03/31/2015 03/06/2015 1 10/03/2013 Books

Chemistry made simple

APA

Moore J. T., Hess F. C., . (2004). Chemistry made simple. New York: Broadway Books.

Chicago

Moore John T, Hess Fred C, . 2004. Chemistry made simple. New York: Broadway Books.

Harvard

Moore J. T., Hess F. C., . (2004). Chemistry made simple. New York: Broadway Books.

MLA

Moore John T, Hess Fred C, . Chemistry made simple. New York: Broadway Books. 2004.

  • Place hold
  • Print
  • Cite
  • Add to your cart (remove)
  • Save record
    BIBTEX Dublin Core MARCXML MARC (non-Unicode/MARC-8) MARC (Unicode/UTF-8) MARC (Unicode/UTF-8, Standard) MODS (XML) RIS
  • More searches
    Search for this title in:
    Other Libraries (WorldCat) Other Databases (Google Scholar) Online Stores (Bookfinder.com) Open Library (openlibrary.org)

Exporting to Dublin Core...

SOUTHVILLE LIBRARY

Southville International School and Colleges Library

1281 Tropical Ave. Cor. Luxembourg St., BF Homes International, Las Pinas City

Tel. No. 8256374 / 252358 Loc. 117/146

Powered by Koha